Food that Start with E - Statistics

General Stats
  • This quiz has been taken 115 times
  • The average score is 5 of 15
Answer Stats
Picture Answer % Correct
Egg
97%
Edam
77%
Eclair
67%
Edamame
63%
Empanada
57%
Elderberry
41%
Emmental
28%
Enchilada
24%
Endive
20%
Egg Custard
15%
Escarole
11%
Ebi
3%
Einkorn
3%
Emu
1%
Escabache
1%
No matching quizzes found
Score Distribution
Percent of People with Each Score
Percentile by Number Answered
Your Score History
You have not taken this quiz